| 000 | 00000nam##2200000za#4500 |
| 001 | 9.644411 |
| 003 | CaOODSP |
| 005 | 20200330134928 |
| 007 | ta |
| 008 | 150407|1991||||xxc||||| f|0| 0 eng|d |
| 020 | |a0-662-18883-7 |
| 040 | |aCaOODSP|beng |
| 043 | |an-cn--- |
| 086 | 1 |aCC213-5/1991E |
| 110 | 1 |aCanada.|bFarm Credit Corporation. |bResearch and Planning Division. |
| 245 | 10|aFarm accounting standardization manual : |ba manual of farm accounting terminology, reporting policies, and ratios / |cPrepared by Deloitte & Touche. |
| 260 | |aOttawa - Ontario : |bFarm Credit Corporation. |c1991. |
| 300 | |a67, 37p. : |bfigs., references, tables ; |c28 cm. |
| 500 | |a"This...manual has been developed to provide practical and professional interpretations of accounting principles as they apply to agricultural producers in Canada. Guidance is provided on a wide range of accounting topics that are of specific interest to the agricultural industry. It should be noted, however, that certain conclusions of this manual are not in accordance with generally accepted accounting principles. These deviations have been appropriately identified in the introduction to the manual."--Foreword. "The project is funded by Employment and Immigration Canada in conjunction with the Canada-Ontario Agricultural Employment Committee."--Page 3. |
| 520 | 3 |aThis...manual has been developed to provide practical and professional interpretations of accounting principles as they apply to agricultural producers in Canada. Guidance is provided on a wide range of accounting topics that are of specific interest to the agricultural industry. It should be noted, however, that certain conclusions of this manual are not in accordance with generally accepted accounting principles. These deviations have been appropriately identified in the introduction to the manual.--Foreword The project is funded by Employment and Immigration Canada in conjunction with the Canada-Ontario Agricultural Employment Committee.--Page 3 |
| 563 | |aSoftcover |
| 590 | |a93-23|b1993-06-11 |
| 690 | 07|aAccounting|2gcpds |
| 690 | 07|aFarming|2gcpds |
| 690 | 07|aFinancial management|2gcpds |
| 775 | 08|tManuel d'uniformisation de la comptabilité agricole : |w(CaOODSP)9.678256 |
| 776 | 0#|tFarm accounting standardization manual : |w(CaOODSP)9.697623 |